100k+ Subdivisions of South America on a Map - Statistics

General Stats
  • This quiz has been taken 78 times
    25 since last reset
  • The average score is 103 of 206
Answers on the Map
Answers color-coded by a green-red scale on the quiz's map according to % correct below.
 
Answer Stats
Country Type Subdivision % Correct
Brazil 2022 C State Rio de Janeiro
100%
Ecuador 2022 C Province Morona-Santiago
94%
Chile 2017 C Region Santiago
94%
Argentina 2022 C Province Santiago del Estero
94%
Brazil 2022 C State Amazonas
88%
Peru 2022 P Region Amazonas
88%
Venezuela 2019 P State Amazonas
88%
Argentina 2022 C City Buenos Aires
88%
Argentina 2022 C Province Buenos Aires
88%
France 2024 E Region French Guiana
88%
Bolivia 2020 P Department La Paz
88%
Peru 2022 P Province Lima
88%
Peru 2022 P Region Lima
88%
Brazil 2022 C State Pará
88%
Venezuela 2019 P District Capital District
81%
Brazil 2022 C District Federal District
81%
Uruguay 2020 P Department Montevideo
81%
Brazil 2022 C State Paraná
81%
Argentina 2022 C Province Santa Cruz
81%
Bolivia 2020 P Department Santa Cruz
81%
Brazil 2022 C State São Paulo
81%
Chile 2017 C Region Valparaíso
81%
Argentina 2022 C Province Córdoba
75%
Colombia 2023 P Department Córdoba
75%
Peru 2022 P Region Cusco
75%
Suriname 2012 C District Paramaribo
75%
Brazil 2022 C State Rio Grande do Sul
75%
Argentina 2022 C Province Tierra del Fuego
75%
Brazil 2022 C State Acre
69%
Brazil 2022 C State Amapá
69%
Chile 2017 C Region Atacama
69%
Brazil 2022 C State Bahia
69%
Colombia 2023 P Department Bolívar
69%
Ecuador 2022 C Province Bolívar
69%
Venezuela 2019 P State Bolívar
69%
Colombia 2023 P District Capital District
69%
Paraguay 2022 C District Distrito Capital
69%
Brazil 2022 C State Mato Grosso
69%
Brazil 2022 C State Mato Grosso do Sul
69%
Brazil 2022 C State Minas Gerais
69%
Brazil 2022 C State Rio Grande do Norte
69%
Argentina 2022 C Province San Juan
69%
Colombia 2023 P Department Sucre
69%
Venezuela 2019 P State Sucre
69%
Peru 2022 P Region Arequipa
63%
Argentina 2022 C Province Chaco
63%
Argentina 2022 C Province Jujuy
63%
Argentina 2022 C Province La Pampa
63%
Argentina 2022 C Province Mendoza
63%
Uruguay 2020 P Department Salto
63%
Uruguay 2020 P Department San José
63%
Argentina 2022 C Province Santa Fe
63%
Argentina 2022 C Province Tucumán
63%
Chile 2017 C Region Antofagasta
56%
Chile 2017 C Region Arica and Parinacota
56%
Bolivia 2020 P Department Cochabamba
56%
Paraguay 2022 C Department Concepción
56%
Chile 2017 C Region Coquimbo
56%
Brazil 2022 C State Goiás
56%
Argentina 2022 C Province La Rioja
56%
Argentina 2022 C Province Neuquén
56%
Brazil 2022 C State Pernambuco
56%
Brazil 2022 C State Piauí
56%
Brazil 2022 C State Rondônia
56%
Brazil 2022 C State Roraima
56%
Argentina 2022 C Province Salta
56%
Venezuela 2019 P State Trujillo
56%
Colombia 2023 P Department Antioquia
50%
Chile 2017 C Region Aysén
50%
Chile 2017 C Region Biobío
50%
Peru 2022 P Region Cajamarca
50%
Peru 2022 P Province Callao
50%
Argentina 2022 C Province Catamarca
50%
Argentina 2022 C Province Corrientes
50%
Argentina 2022 C Province Entre Ríos
50%
Brazil 2022 C State Espírito Santo
50%
Argentina 2022 C Province Formosa
50%
Peru 2022 P Region Huánuco
50%
Peru 2022 P Region Ica
50%
Chile 2017 C Region Los Lagos
50%
Chile 2017 C Region Magallanes
50%
Argentina 2022 C Province Misiones
50%
Paraguay 2022 C Department Misiones
50%
Chile 2017 C Region O'Higgins
50%
Bolivia 2020 P Department Potosí
50%
Argentina 2022 C Province Río Negro
50%
Argentina 2022 C Province San Luis
50%
Ecuador 2022 C Province Santo Domingo de los Tsáchilas
50%
Peru 2022 P Region Tacna
50%
Paraguay 2022 C Department Alto Paraná
44%
Colombia 2023 P Department Arauca
44%
Peru 2022 P Region Ayacucho
44%
Venezuela 2019 P State Barinas
44%
Colombia 2023 P Department Boyacá
44%
Uruguay 2020 P Department Canelones
44%
Venezuela 2019 P State Carabobo
44%
Colombia 2023 P Department Casanare
44%
Brazil 2022 C State Ceará
44%
Paraguay 2022 C Department Central
44%
Argentina 2022 C Province Chubut
44%
Venezuela 2019 P State Delta Amacuro
44%
Ecuador 2022 C Province El Oro
44%
Colombia 2023 P Department Huila
44%
Peru 2022 P Region Junín
44%
Chile 2017 C Region Los Ríos
44%
Ecuador 2022 C Province Los Ríos
44%
Uruguay 2020 P Department Maldonado
44%
Brazil 2022 C State Maranhão
44%
Chile 2017 C Region Maule
44%
Colombia 2023 P Department Meta
44%
Venezuela 2019 P State Miranda
44%
Colombia 2023 P Department Nariño
44%
Peru 2022 P Region Piura
44%
Peru 2022 P Region Puno
44%
Colombia 2023 P Department Putumayo
44%
Colombia 2023 P Department Quindío
44%
Colombia 2023 P Department Risaralda
44%
Peru 2022 P Region San Martín
44%
Brazil 2022 C State Santa Catarina
44%
Colombia 2023 P Department Santander
44%
Brazil 2022 C State Sergipe
44%
Bolivia 2020 P Department Tarija
44%
Brazil 2022 C State Tocantins
44%
Venezuela 2019 P State Zulia
44%
Brazil 2022 C State Alagoas
38%
Peru 2022 P Region Ancash
38%
Venezuela 2019 P State Anzoátegui
38%
Venezuela 2019 P State Apure
38%
Peru 2022 P Region Apurímac
38%
Chile 2017 C Region Araucanía
38%
Colombia 2023 P Department Atlántico
38%
Bolivia 2020 P Department Beni
38%
Paraguay 2022 C Department Caaguazú
38%
Colombia 2023 P Department Caldas
38%
Ecuador 2022 C Province Cañar
38%
Colombia 2023 P Department Caquetá
38%
Colombia 2023 P Department Cauca
38%
Colombia 2023 P Department Cesar
38%
Ecuador 2022 C Province Chimborazo
38%
Colombia 2023 P Department Chocó
38%
Uruguay 2020 P Department Colonia
38%
Paraguay 2022 C Department Cordillera
38%
Colombia 2023 P Department Cundinamarca
38%
Ecuador 2022 C Province Esmeraldas
38%
Guyana 2012 C Region Essequibo Islands-West Demerara
38%
Venezuela 2019 P State Falcón
38%
Venezuela 2019 P State Guárico
38%
Ecuador 2022 C Province Guayas
38%
Peru 2022 P Region Huancavelica
38%
Colombia 2023 P Department La Guajira
38%
Peru 2022 P Region La Libertad
38%
Peru 2022 P Region Lambayeque
38%
Venezuela 2019 P State Lara
38%
Ecuador 2022 C Province Loja
38%
Peru 2022 P Region Loreto
38%
Peru 2022 P Region Madre de Dios
38%
Colombia 2023 P Department Magdalena
38%
Venezuela 2019 P State Mérida
38%
Peru 2022 P Region Moquegua
38%
Colombia 2023 P Department Norte de Santander
38%
Chile 2017 C Region Ñuble
38%
Bolivia 2020 P Department Oruro
38%
Brazil 2022 C State Paraíba
38%
Peru 2022 P Region Pasco
38%
Ecuador 2022 C Province Pastaza
38%
Uruguay 2020 P Department Paysandú
38%
Ecuador 2022 C Province Pichincha
38%
Venezuela 2019 P State Portuguesa
38%
Paraguay 2022 C Department Presidente Hayes
38%
Uruguay 2020 P Department Rivera
38%
Paraguay 2022 C Department San Pedro
38%
Ecuador 2022 C Province Santa Elena
38%
Ecuador 2022 C Province Sucumbíos
38%
Chile 2017 C Region Tarapacá
38%
Peru 2022 P Region Tumbes
38%
Peru 2022 P Region Ucayali
38%
Colombia 2023 P Department Valle del Cauca
38%
Venezuela 2019 P State Vargas
38%
Colombia 2023 P Department Vichada
38%
Ecuador 2022 C Province Zamora-Chinchipe
38%
Paraguay 2022 C Department Amambay
31%
Venezuela 2019 P State Aragua
31%
Ecuador 2022 C Province Azuay
31%
Paraguay 2022 C Department Caazapá
31%
Paraguay 2022 C Department Canindeyú
31%
Bolivia 2020 P Department Chuquisaca
31%
Venezuela 2019 P State Cojedes
31%
Ecuador 2022 C Province Cotopaxi
31%
Guyana 2012 C Region Demerara-Mahaica
31%
Paraguay 2022 C Department Guairá
31%
Paraguay 2022 C Department Itapúa
31%
Ecuador 2022 C Province Manabí
31%
Venezuela 2019 P State Monagas
31%
Venezuela 2019 P State Nueva Esparta
31%
Ecuador 2022 C Province Orellana
31%
Bolivia 2020 P Department Pando
31%
Paraguay 2022 C Department Paraguarí
31%
Venezuela 2019 P State Táchira
31%
Colombia 2023 P Department Tolima
31%
Venezuela 2019 P State Yaracuy
31%
Ecuador 2022 C Province Carchi
25%
Guyana 2012 C Region East Berbice-Corentyne
25%
Ecuador 2022 C Province Imbabura
25%
Ecuador 2022 C Province Napo
25%
Ecuador 2022 C Province Tungurahua
25%
Suriname 2012 C District Wanica
25%
No matching quizzes found
Score Distribution
Percent of People with Each Score
Percentile by Number Answered
Your Score History
You have not taken this quiz since the last reset